<?xml version="1.0" encoding="UTF-8"?>
<record
    xmlns:xsi="http://www.w3.org/2001/XMLSchema-instance"
    xsi:schemaLocation="http://www.loc.gov/MARC21/slim http://www.loc.gov/standards/marcxml/schema/MARC21slim.xsd"
    xmlns="http://www.loc.gov/MARC21/slim">

  <leader>02558    a2200277   4500</leader>
  <controlfield tag="003">OSt</controlfield>
  <controlfield tag="005">20180116192327.0</controlfield>
  <controlfield tag="008">120420t        xxu||||| |||| 00| 0 eng d</controlfield>
  <datafield tag="020" ind1=" " ind2=" ">
    <subfield code="a">0750667966 (paperback)</subfield>
  </datafield>
  <datafield tag="020" ind1=" " ind2=" ">
    <subfield code="a">9780750667968 (paperback)</subfield>
  </datafield>
  <datafield tag="040" ind1=" " ind2=" ">
    <subfield code="c">0</subfield>
  </datafield>
  <datafield tag="082" ind1="0" ind2="4">
    <subfield code="a">726.2</subfield>
  </datafield>
  <datafield tag="100" ind1="1" ind2=" ">
    <subfield code="a">Kahera, Akel.</subfield>
    <subfield code="9">940</subfield>
  </datafield>
  <datafield tag="245" ind1="1" ind2="0">
    <subfield code="a">Design criteria for mosques and islamic centers :</subfield>
    <subfield code="b">art, architecture and worship /</subfield>
    <subfield code="c">Akel Kahera, Latif Abdulmalik, Craig Anz.</subfield>
  </datafield>
  <datafield tag="260" ind1=" " ind2=" ">
    <subfield code="a">London, Uk:</subfield>
    <subfield code="b">Architectural Press,</subfield>
    <subfield code="c">2009.</subfield>
  </datafield>
  <datafield tag="300" ind1=" " ind2=" ">
    <subfield code="a">112 p. ;</subfield>
    <subfield code="c">28 cm.</subfield>
  </datafield>
  <datafield tag="500" ind1=" " ind2=" ">
    <subfield code="a">Includes index.</subfield>
  </datafield>
  <datafield tag="520" ind1=" " ind2=" ">
    <subfield code="a">The design principles necessary to create functional and dynamic contemporary mosques can be hard to grasp for those unfamiliar with the Islamic faith. 'Design Criteria for Mosques and Islamic Centers' provides an easy-to-use and practical set of guidelines for mosque design, illustrated with 300 line drawings. Case studies of urban mosques in New York, Washington, Boston, and London and Birmingham amongst others, demonstrate how mosques and Islamic centers have evolved to integrate into the urban scenario. The book also compares tenets from Western and Eastern religious and secular philosophies and discusses their relation to architectural creation, place-making, meaning, and identity. The book shows how mosques fulfill multiple faith-based and social roles through their design; it provides a wide-ranging, basic understanding of Islamic liturgical conventions and secular functions to enable architects, designers, and community advocates to work with confidence. 'Design Criteria for Mosques and Islamic Centers' is the first dedicated design guide for mosques and Islamic centers available. . Features case studies from the USA, UK, and Europe . Explains fundamental principles to make it easy to create viable design solutions for these exacting buildings that fulfi ll a range of social and religious roles. * First dedicated design guide for Mosques and Islamic centres available * Features case studies from the USA, UK and Europe * Explains fundamental principles to make it easy to create viable design solutions for these exacting buildings that fulfil a range of social and religious roles.</subfield>
  </datafield>
  <datafield tag="650" ind1=" " ind2=" ">
    <subfield code="a">Mosques</subfield>
    <subfield code="9">941</subfield>
  </datafield>
  <datafield tag="650" ind1=" " ind2=" ">
    <subfield code="a">Religious architecture</subfield>
    <subfield code="9">942</subfield>
  </datafield>
  <datafield tag="700" ind1="1" ind2=" ">
    <subfield code="a">Abdulmalik, Latif.</subfield>
    <subfield code="9">943</subfield>
  </datafield>
  <datafield tag="700" ind1="1" ind2=" ">
    <subfield code="a">Anz, Craig.</subfield>
    <subfield code="9">944</subfield>
  </datafield>
  <datafield tag="856" ind1="4" ind2="0">
    <subfield code="3">Amazon.com</subfield>
    <subfield code="u">http://www.amazon.com/exec/obidos/ASIN/0750667966/chopaconline-20</subfield>
  </datafield>
  <datafield tag="942" ind1=" " ind2=" ">
    <subfield code="a">SADA</subfield>
    <subfield code="c">BK</subfield>
    <subfield code="k">726.2 KAH 2009</subfield>
    <subfield code="2">ddc</subfield>
  </datafield>
  <datafield tag="999" ind1=" " ind2=" ">
    <subfield code="c">352237</subfield>
    <subfield code="d">352237</subfield>
  </datafield>
  <datafield tag="952" ind1=" " ind2=" ">
    <subfield code="0">0</subfield>
    <subfield code="1">0</subfield>
    <subfield code="2">ddc</subfield>
    <subfield code="4">0</subfield>
    <subfield code="7">0</subfield>
    <subfield code="a">SADA</subfield>
    <subfield code="b">SADA</subfield>
    <subfield code="d">2010-10-04</subfield>
    <subfield code="l">12</subfield>
    <subfield code="m">3</subfield>
    <subfield code="o">726.2 KAH 2009</subfield>
    <subfield code="p">SADA0000316</subfield>
    <subfield code="r">2024-09-12</subfield>
    <subfield code="s">2024-08-21</subfield>
    <subfield code="v">5879.00</subfield>
    <subfield code="w">2011-08-05</subfield>
    <subfield code="y">BK</subfield>
  </datafield>
</record>
